| 000 | 00496 a2200181 4500 | ||
|---|---|---|---|
| 999 |
_c7794 _d7794 |
||
| 020 | _a0700506780 | ||
| 050 | 1 | 0 | _aHF5549.5 DOW 1985 |
| 100 | 1 |
_aDowns, Sylvia. _eauthor |
|
| 245 | 1 | 0 |
_aTesting trainability / _cSylvia Downs. |
| 264 |
_aBerkshire : _bNFER-NELSON _c1985 |
||
| 300 |
_a35p. : _bill. |
||
| 440 | 0 | _aPersonnel library | |
| 500 | _aIncludes index. | ||
| 500 | _aIncludes index. | ||
| 650 | 0 | _aEmployment tests. | |
| 650 | 0 |
_aEmployees _xTraining of. |
|
| 942 |
_2lcc _cBK _h5549.5 _iDOW _kHF |
||